Граждане! Приближается день, когда вы должны будете доказать свою гражданскую зрелость ... (Запись № 10844012)

Подробности
000 -МАРКЕР
контрольное поле 02679nam0a2200481 4500
001 - ИДЕНТИФИКАТОР ЗАПИСИ
контрольное поле RU\NLR\BIBL_A\011275502
005 - ИДЕНТИФИКАТОР ВЕРСИИ
контрольное поле 20250626035025.0
020 ## - НОМЕР ДОКУМЕНТА В НАЦИОНАЛЬНОЙ БИБЛИОГРАФИИ
Код страны российская федерация
Основное заглавие издания Российской книжной палаты От Февраля к Октябрю: коллекция листовок/Рос. нац. б-ка
035 ## - ДРУГИЕ СИСТЕМНЫЕ НОМЕРА
Идентификатор записи (NLR Aleph) 011275502
100 ## - ДАННЫЕ ОБЩЕЙ ОБРАБОТКИ
Данные общей обработки 20161121d1917 |||y0rusy50 ca
101 0# - ЯЗЫК РЕСУРСА
Язык текста, звукозаписи и т.д. русский
102 ## - СТРАНА ПУБЛИКАЦИИ ИЛИ ПРОИЗВОДСТВА
Страна публикации российская федерация
105 ## - ПОЛЕ КОДИРОВАННЫХ ДАННЫХ: ТЕКСТОВЫЕ МАТЕРИАЛЫ, МОНОГРАФИЧЕСКИЕ
Кодированные данные о монографическом текстовом документе y z 000yy
135 ## - ПОЛЕ КОДИРОВАННЫХ ДАННЫХ: ЭЛЕКТРОННЫЕ РЕСУРСЫ
Кодированные данные для электронного ресурса crcn 024apada
200 1# - ЗАГЛАВИЕ И СВЕДЕНИЯ ОБ ОТВЕТСТВЕННОСТИ
Основное заглавие Граждане! Приближается день, когда вы должны будете доказать свою гражданскую зрелость ...
Сведения, относящиеся к заглавию [листовка]
210 ## - ПУБЛИКАЦИЯ, РАСПРОСТРАНЕНИЕ И ДР.
Место издания, распространения и т.д. Быхов [Могилевская губ.]
Имя издателя, распространителя и т. д. Типография Эпштейна
Дата издания, распространения и т.д. [1917, июль - до 6 августа]
215 ## - ФИЗИЧЕСКАЯ ХАРАКТЕРИСТИКА
Специфическое обозначение материала и объем [1] л.
Размеры 50x22
300 ## - ОБЩИЕ ПРИМЕЧАНИЯ
Текст примечания По краям листовки: Голосуйте за список N° 2
300 ## - ОБЩИЕ ПРИМЕЧАНИЯ
Текст примечания В конце листовки: Помните, граждане, номер списка - N° 2
300 ## - ОБЩИЕ ПРИМЕЧАНИЯ
Текст примечания Коллекция листовок "От Февраля к Октябрю" (1 экз.)
316 ## - ПРИМЕЧАНИЯ ОБ ОСОБЕННОСТЯХ ЭКЗЕМПЛЯРА
Текст примечания Экз. деф.: порван в середине листовки с частичной потерей текста
Организация и экземпляр, к которому относится поле NLR
325 1# - ПРИМЕЧАНИЕ О КОПИИ
Текст примечания Копия доступна в Электронной библиотеке РНБ
327 1# - ПРИМЕЧАНИЯ О СОДЕРЖАНИИ
Текст примечания О выборах в городскую думу Быхова
517 1# - ДРУГИЕ ВАРИАНТЫ ЗАГЛАВИЯ
Вариант заглавия Приближается день, когда вы должны будете доказать свою гражданскую зрелость ...
540 1# - ДОПОЛНИТЕЛЬНОЕ ЗАГЛАВИЕ, ПРИМЕНЯЕМОЕ КАТАЛОГИЗАТОРОМ
Заглавие Голосуйте за список N° 2
540 1# - ДОПОЛНИТЕЛЬНОЕ ЗАГЛАВИЕ, ПРИМЕНЯЕМОЕ КАТАЛОГИЗАТОРОМ
Заглавие Помните, граждане, номер списка - N° 2
540 1# - ДОПОЛНИТЕЛЬНОЕ ЗАГЛАВИЕ, ПРИМЕНЯЕМОЕ КАТАЛОГИЗАТОРОМ
Заглавие О выборах в городскую думу Быхова
540 1# - ДОПОЛНИТЕЛЬНОЕ ЗАГЛАВИЕ, ПРИМЕНЯЕМОЕ КАТАЛОГИЗАТОРОМ
Заглавие От Февраля к Октябрю
Сведения о заглавии листовки
606 1# - НАИМЕНОВАНИЕ ТЕМЫ КАК ПРЕДМЕТ
Наименование темы Органы местного самоуправления
Формальный подзаголовок Листовки
Тематический подзаголовок Выборы
Хронологический подзаголовок 1917
Системный номер авторитетной/нормативной записи 2277614
Идентификатор авторитетной/нормативной записи RU\NLR\AUTH\6601593246
607 ## - ГЕОГРАФИЧЕСКОЕ НАИМЕНОВАНИЕ КАК ПРЕДМЕТ
Географическое наименование Россия
Формальный подзаголовок Листовки
Тематический подзаголовок История
Хронологический подзаголовок 1917
Системный номер авторитетной/нормативной записи 2250871
Идентификатор авторитетной/нормативной записи RU\NLR\AUTH\661350120
686 0# - ИНДЕКСЫ ДРУГИХ КЛАССИФИКАЦИЙ
Индекс Т3(2)524.2,011
686 0# - ИНДЕКСЫ ДРУГИХ КЛАССИФИКАЦИЙ
Индекс Т3(2)711.29-310,011
686 1# - ИНДЕКСЫ ДРУГИХ КЛАССИФИКАЦИЙ
Индекс Т3(2Б-4Мо)711.1,011
712 02 - НАИМЕНОВАНИЕ ОРГАНИЗАЦИИ - ВТОРИЧНАЯ ОТВЕТСТВЕННОСТЬ
Код отношения Прочие
Начальный элемент ввода Быховская городская дума
Системный номер авторитетной/нормативной записи 537375
Идентификатор авторитетной/нормативной записи RU\NLR\AUTH\880436550
852 00 - МЕСТОНАХОЖДЕНИЕ И ШИФР ХРАНЕНИЯ
Идентификатор организации NLR
Наименование фонда или коллекции (Sub-Location Identifier) Фл
Шифр хранения (Call Number) XIV/108
942 ## - ДОПОЛНИТЕЛЬНЫЕ ЭЛЕМЕНТЫ ЗАПИСИ (АБИС)
Тип экземпляра АБИС Книга
980 ## - КОЛЛЕКЦИЯ
Название коллекции Национальная библиография
981 42 - КОЛЛЕКЦИЯ ЭЛЕКТРОННОЙ БИБЛИОТЕКИ
Название коллекции 1917: от Февраля к Октябрю
Название подколлекции Листовки 1917 года

Нет доступных экземпляров.